000 01021am a2200361a 44500
003 AR-BaBNM
005 20251128205501.0
008 077119s1997 #AR|||||||||||000 | spa||
020 _a950-534-404-X
040 _cAR-BaBNM
245 1 0 _aLos CBC y la enseñanza de las ciencias sociales
250 _a2ª ed.
260 _aBuenos Aires
_bA-Z editora
_c1997
300 _a131 p.
490 0 _aPensar el aula
_vv. 1
504 _aBibliografía: p. 125-131
650 4 _aCIENCIAS SOCIALES
650 4 _aENSEÑANZA DE LA GEOGRAFIA
650 4 _aENSEÑANZA DE LA HISTORIA
650 4 _aTECNICAS DE ENSEÑANZA
653 _aEFEMERIDES
653 _aEDUCACION GENERAL BASICA
653 _aCONTENIDOS BASICOS COMUNES
700 1 _aAlderoqui, Silvia S.
700 1 _aDujovney, Silvia
700 1 _aDurán, Diana
700 1 _aFinocchio, Silvia
700 1 _aGotbeter, Gustavo Luis
700 1 _aIaies, Gustavo Fabián
700 1 _aEsperanza, Gladys
_ecoordinador
942 _cBK
998 _cSILVI
999 _c11583
_d11583